Biggest Cities and Towns in England in 1066 - Statistics

General Stats
  • This quiz has been taken 15 times
  • The average score is 6 of 10
Answer Stats
Approx. Residents City/Town % Correct
10k - 15k London
100%
5k - 8k York
93%
3K Bristol
80%
2.5k Colchester
67%
5k - 6k Norwich
67%
3k - 4k Oxford
67%
3k Ipswich
60%
6k Winchester
60%
5k - 6k Lincoln
53%
4k - 5k Thetford
0%
No matching quizzes found
Score Distribution
Percent of People with Each Score
Percentile by Number Answered
Your Score History
You have not taken this quiz